000 00394 a2200157 4500
999 _c3077
_d3077
020 _a9780230232945
050 _aKF230 MCL 2013
100 _aMcleod ,Ian
_eauthor
245 _aKey concepts in law /
_cIan Mcleod
250 _a2n ed
264 _aNew York ;
_bPalgrave Macmillan
_c2013
300 _a274p.:
500 _aIncludes appendix.
650 _aLaw.
942 _2lcc
_cBK
_h230
_iMCL
_kKF